000 00442nam a2200169Ia 4500
005 20250314134852.0
008 231217s9999 xx 000 0 und d
020 _a9788174465467
082 _a658.3222 SIN;1 R
100 _aSingh, B D
245 0 _aCompensation and reward management
250 _a1st ed.
260 _c2007
_bExcel Books
_aNew Delhi
300 _aviii+383
650 _aCompensation,reward,management
942 _cAA
999 _c181263
_d181263